Mobile communications (Record no. 4724)
[ view plain ]
| 000 -LEADER | |
|---|---|
| fixed length control field | 00415 a2200145 4500 |
| 020 ## - INTERNATIONAL STANDARD BOOK NUMBER | |
| International Standard Book Number | 8178081709 |
| 040 ## - CATALOGING SOURCE | |
| Original cataloging agency | DLC |
| Language of cataloging | DLC |
| 100 1# - MAIN ENTRY--PERSONAL NAME | |
| Personal name | Schiller, Jochen H. |
| 245 10 - TITLE STATEMENT | |
| Title | Mobile communications |
| Statement of responsibility, etc. | Jochen H. Schiller. |
| 260 ## - PUBLICATION, DISTRIBUTION, ETC. | |
| Place of publication, distribution, etc. | Boston, MA : |
| Name of publisher, distributor, etc. | Addison-Wesley, |
| Date of publication, distribution, etc. | 2003. |
| 300 ## - PHYSICAL DESCRIPTION | |
| Extent | 492 p. : |
| Other physical details | ill. |
| 650 #0 - SUBJECT ADDED ENTRY--TOPICAL TERM | |
| Topical term or geographic name entry element | Mobile communication systems. |
| 650 #0 - SUBJECT ADDED ENTRY--TOPICAL TERM | |
| Topical term or geographic name entry element | Wireless communication systems. |
| 942 ## - ADDED ENTRY ELEMENTS (KOHA) | |
| Koha item type | Book |
| Call number prefix | 621.3845 SCH |
| Source of classification or shelving scheme | |
| Withdrawn status | Lost status | Damaged status | Not for loan | Collection code | Permanent Location | Current Location | Shelving location | Date acquired | Source of acquisition | Cost, normal purchase price | Total Checkouts | Full call number | Barcode | Date last seen | Price effective from | Koha item type | Date last checked out |
|---|---|---|---|---|---|---|---|---|---|---|---|---|---|---|---|---|---|
| Central Library (CL) | Central Library (CL) | General Stacks | 09/03/2002 | Oxford University Press | 378.63 | 621.3845 SCH | SEECS002403 | 11/14/2012 | 01/05/2017 | Book | |||||||
| Central Library (CL) | Central Library (CL) | General Stacks | 04/16/2004 | Allied Book Company | 411.52 | 2 | 621.3845 SCH | SEECS004334 | 03/01/2021 | 01/05/2017 | Book | 03/01/2021 | |||||
| Central Library (CL) | Central Library (CL) | General Stacks | 05/02/2005 | Allied Book Company | 283.50 | 1 | 621.3845 SCH | SEECS005591 | 09/21/2016 | 01/05/2017 | Book | 08/23/2016 | |||||
| Central Library (CL) | Central Library (CL) | General Stacks | 12/19/2003 | Allied Book Company | 403.56 | 1 | 621.3845 SCH | SEECS004057 | 04/23/2014 | 01/05/2017 | Book | 03/12/2014 |
